Cherchez la femme Valalická krojová paráda s príťažlivou témou

Bibliographic Details
Main Author: Čániová, Katarína (Author)
Format: Article
Language:Slovak
PhysicalDescription:Fotografie
ISSN:1339-2549
Subjects:
Online Access:http://www.regionhornad.sk/web_object/4131.pdf

MARC

LEADER 00000nab a2200000u 4500
001 vtls012246623
003 SK-MaSNL
005 20260303201709.0
008 231220|2023 xo ||||||| || ||slo|
038 |a KEVKJB 
040 |a KEVKJB  |b slo  |c KEVKJB  |e rda 
041 0 |a slo 
043 |a e-xo--- 
044 |a xo  |c SK 
072 7 |a 398  |x Folklór  |2 konspekt 
080 |a 398  |2 2011 
100 1 |a Čániová, Katarína  |4 aut  |9 268107 
245 1 0 |a Cherchez la femme  |b Valalická krojová paráda s príťažlivou témou  |c Katarína Čániová 
300 |b Fotografie 
336 |a text  |b txt  |2 rdacontent 
337 |a bez média  |b n  |2 rdamedia 
338 |a zväzok  |b nc  |2 rdacarrier 
611 2 7 |a Valalická krojovaná paráda  |n (16. :  |d 2023 :  |c Valaliky, Slovensko)  |2 kevkjb  |9 1226355 
650 0 7 |a folklór  |2 SNKPH  |9 19213 
651 7 |a Valaliky (Slovensko)  |2 SNKPHgeo  |9 31699 
651 7 |a Košice-okolie (Slovensko : okres)  |2 SNKPHgeo  |9 146743 
773 0 |t Abovský hlásnik  |g Roč. 18, č. 4 (2023), s. 12  |x 1339-2549 
852 |a KEVKJB  |b KIS3GCP 
856 4 1 |u http://www.regionhornad.sk/web_object/4131.pdf 
999 |c 2175482  |d 2177412